アルファベット3文字で略すと? - Statistics

General Stats
  • This quiz has been taken 856 times
  • The average score is 15 of 20
Answer Stats
名称 略称 % Correct
日本放送協会 NHK
94%
未確認飛行物体 UFO
92%
たまごかけごはん TKG
91%
発光ダイオード LED
89%
国内総生産 GDP
86%
世界保健機関 WHO
84%
全日本空輸 ANA
83%
自動現金預け払い機 ATM
82%
自動体外式除細動器 AED
80%
排他的経済水域 EEZ
75%
最高経営責任者 CEO
74%
日本電信電話 NTT
71%
全地球測位システム GPS
70%
連邦捜査局(米国) FBI
66%
国際宇宙ステーション ISS
65%
格安航空会社 LCC
64%
中央演算処理装置 CPU
59%
日本野球機構 NPB
58%
日本サッカー協会 JFA
47%
次世代型路面電車システム LRT
43%
No matching quizzes found
Score Distribution
Percent of People with Each Score
Percentile by Number Answered
Your Score History
You have not taken this quiz